LEADER 01270nam a2200289 u 4500 001 000000000434 003 CaOOAMICUS 005 20070226104211.0 008 940517q19601969sz u000 u ita u 035 $a10007978 040 $aPUL(R)$bita 100 1 $aMiano, Vincenzo,$cS.D.B,$d1910-1980.$0(OLS)http://pul/name/459 245 10$aProblemi di gnoseologia e metafisica /$cVincenzo Miano. 260 $aZürich :$bPAS-Verlag,$c[196-?] 300 $a349 p. ;$c24 cm 490 1 $aPublicationes Pontificii Athenaei Salesiani.$aStudia philosophica ;$v4 650 4$aFilosofia$xRaccolte.$0(OLS)http://pul/subject/437 710 2 $aPontificio Ateneo Salesiano.$0(OLS)http://pul/name/460 830 0$aPublicationes Pontificii Athenaei Salesiani.$pStudia philosophica ;$v4.$0(OLS)http://pul/title/563 850 $aPUL 852 $aPUL$W1$xDP1 Fondo Giannini$y60$m1555 E 41$j486$nBK-PRI$b $qFondi$B486$CPULBib$Z2$F486 $H $81 910 $aPontificia Università Salesiana$9460 910 $aPontificia Università Salesiana$9460 941 1 $a1 961 $aINV: Fondo Giannini 996 $6245$aProblemi di gnoseologia e metafisica$9(OLS)http://pul/title/562 996 $6260$aZürich :$bPAS-Verlag$9(OLS)http://pul/publisher/48102 LEADER 01182nam a2200253 a 4500 001 000000148776 003 CaOOAMICUS 005 20160125100946.0 008 160125s1963 fr u000 u fre r 032 $aLibriCat 040 $aPUL$bita 100 1 $aGeiger, Louis-Bertrand,$cO.P.,$d1906-$0(OLS)http://pul/name/8336 245 10$aPhilosophie et spiritualité /$cL.-B. Geiger, O.P. ; préface de Etienne Gilson de l'Académie Française. 260 $aParis :$bLes Éditions du Cerf,$c1963. 300 $a2 v. ;$c23 cm. 650 4$aSpiritualità$xFilosofia.$0(OLS)http://pul/subject/36633 700 1 $aGilson, Etienne,$d1884-1978.$0(OLS)http://pul/name/629 850 $aPUL 852 $aPUL$W1$xDP1 Fondo Bordoni$y120$m3 E 90.5$j171521$bv. 1$qFondi$B172944$CPULBib$Z2$F172944 $HBor2220 $81 852 $aPUL$W1$xDP1 Fondo Bordoni$y120$m3 E 90.6$j171522$bv. 2$qFondi$B172945$CPULBib$Z2$F172945 $HBor2221 $81 941 1 $a1 996 $6245$aPhilosophie et spiritualité$9(OLS)http://pul/title/187593 996 $6260$aParis :$bLes Éditions du Cerf$9(OLS)http://pul/publisher/47861